Digital story Telling (Record no. 2003)

000 -LEADER
fixed length control field 00441nam a2200193Ia 4500
003 - CONTROL NUMBER IDENTIFIER
control field OSt
005 - DATE AND TIME OF LATEST TRANSACTION
control field 20251016111025.0
008 - FIXED-LENGTH DATA ELEMENTS--GENERAL INFORMATION
fixed length control field 180730s9999||||xx |||||||||||||| ||und||
020 ## - INTERNATIONAL STANDARD BOOK NUMBER
International Standard Book Number 9780240809595
040 ## - CATALOGING SOURCE
Transcribing agency 0
050 ## - LIBRARY OF CONGRESS CALL NUMBER
Classification number 778.5
082 ## - DEWEY DECIMAL CLASSIFICATION NUMBER
Item number MIL/D
100 ## - MAIN ENTRY--PERSONAL NAME
Personal name Miller, Carolyn Handler
245 #0 - TITLE STATEMENT
Title Digital story Telling
250 ## - EDITION STATEMENT
Edition statement 2nd Edition
260 ## - PUBLICATION, DISTRIBUTION, ETC.
Place of publication, distribution, etc. UK
Name of publisher, distributor, etc. Elsevier inc
Date of publication, distribution, etc. 2008
300 ## - PHYSICAL DESCRIPTION
Extent 479p
942 ## - ADDED ENTRY ELEMENTS (KOHA)
Institution code [OBSOLETE] BK
Source of classification or shelving scheme
Koha item type Book
Holdings
Withdrawn status Lost status Damaged status Not for loan Collection code Permanent Location Current Location Date acquired Cost, normal purchase price Full call number Barcode Date last seen Price effective from Koha item type
        School of Animation (Noida) MUIT-NOIDA MUIT-NOIDA 2018-07-30 550.00 778.5 MIL/D ANM00052 2018-07-30 2018-07-30 Donated Books

All Rights Reserved@MUIT

Powered by Koha